000 00706nam a2200217 a 4500
001 4128
005 20140414131850.0
008 090209s19uu xx 00 eng d
020 _a0-7368-0412-9
050 _aM 530.4
_bF92 2000
100 _aFrost, Helen, 1949
245 _aWater as a gas /
_cby Helen Frost.
260 _aMankato, Minnesota :
_bCapstone Press,
_cc2000.
300 _a24 p. : col., ill. cm.
440 _aWater
500 _aIncludes bibliographical references and index.
520 _aSimple text presents facts about the properties and behavior of water in the state of a gas.
650 _aWater vapor, Atmosperic
_xJuvenile literature.
999 _c110123
_d110123